000 00414 a2200157 4500
999 _c5052
_d5052
020 _a9780192753083
050 _aPZ7 GRO 2002
100 _a Gross, Philip
_eauthor
245 _aGoing for stone
_cPhilip Gross
264 _aOxford :
_bOxford University Press,
_c2003
300 _a215pg . :
500 _anovel
650 _aStreet entertainers
651 _aStreet entertainers.
942 _2lcc
_cBK
_h7
_iGRO
_kPZ